000 00514nam a2200169 a 4500
001 000038093
005 20201002031155.0
008 130313s2004 dr 000 0 spa d
040 _aDO-SdBNP
_bspa
_cBNPHU
082 _axxxxxx
_bxxxxxx
100 1 _aArvelo, Alejandro
_9147
245 1 3 _aLa filosofĂ­a del silencio /
_cAlejandro Arvelo ; editor Rafael Paulino.
250 _a4a ed.
260 _aSanto Domingo :
_bImpresos Paulino,
_c2004.
300 _a31 p. : ;
_c21 cm.
700 1 _aPaulino, Rafael,
_eed.
_917485
999 _c37583
_d37583